| 000 | 01029cam a2200289 4500 | ||
|---|---|---|---|
| 001 | D1380 | ||
| 008 | 090401t1975 xxu||||| |||| 00| 0 eng d | ||
| 022 | _a040800164X | ||
| 035 | _a(Sirsi) u63717 | ||
| 041 | _aeng | ||
| 050 |
_a624.151 _c18 |
||
| 245 | _aSite investigations in areas of mining subsidence | ||
| 260 |
_aLondon _bNewnes-Butterworths _c1975 |
||
| 300 |
_a168p. _bill _c24cm |
||
| 350 | _a5.50 | ||
| 505 | _aThe character of the coal measures | ||
| 505 | _aField investigation techniques | ||
| 505 | _aGeographical methods in site investigations in areas of mining subsidence | ||
| 505 | _aImproved geophysical techniques for survey of disturbed ground | ||
| 505 | _aMining subsidence | ||
| 505 | _aCharacteristics of shallow coal-mine workings and their implications in urban redevelopment areas | ||
| 505 | _aFoundations on the coal measures | ||
| 690 | _aBUILT ENVIRONMENT-BUILDING PATHOLOGY-SUBSIDENCE-MINING SUBSIDENCE | ||
| 700 |
_aBell, F. G. _xEditor |
||
| 942 | _n0 | ||
| 948 | _c04/03/1997 | ||
| 999 |
_c94598 _d94598 |
||